Địa lí tự nhiên các lục địa T.1

Spremljeno u:
Bibliografski detalji
Glavni autor: Nguyễn Phi Hạnh
Format: Knjiga
Izdano: H. Giáo dục 1983
Teme:
Oznake: Dodaj oznaku
Bez oznaka, Budi prvi tko označuje ovaj zapis!
Thư viện lưu trữ: Trung tâm Học liệu Lê Vũ Hùng, Trường Đại học Đồng Tháp
LEADER 00668pam a22002058a 4500
001 00022681
005 20200907090906.0
008 110601s1981 ||||||Viesd
041 0 # |a Vie 
082 1 # |b Đ301L  |a 910 
100 0 # |a Nguyễn Phi Hạnh 
245 0 0 |a Địa lí tự nhiên các lục địa  |c Nguyễn Phi Hạnh  |n T.1 
260 # # |a H.  |b Giáo dục  |c 1983 
300 # # |a 192 tr.  |c 21 cm. 
500 # # |a Sách Đại học sư phạm 
650 # 7 |a Giáo trình 
650 # 7 |a Địa lý tự nhiên 
852 # # |b Kho đọc  |j KD.0009961 
852 # # |j KD.0009961 
980 # # |a Trung tâm Học liệu Lê Vũ Hùng, Trường Đại học Đồng Tháp